000 01693nam a2200229Ia 4500
008 260220t2006||||xx |||||||||||||| ||spa||
040 _aPY-SlUNAC
_bspa
_erda
041 _aspa
082 _a378.892
_bUn3a
245 0 _aAspectos relevantes de la dinámica de la Universidad Nacional de Asunción
264 _aAsunción :
_bNaciones Unidas,
_c℗2006.
300 _a1 volumen
520 _aEl libro "Aspectos relevantes de la dinámica de la Universidad Nacional de Asunción" ofrece un análisis detallado sobre la evolución y funcionamiento de esta institución educativa en Paraguay. A través de una serie de estudios e investigaciones, se examinan aspectos clave como la estructura organizativa, los procesos académicos y administrativos, así como la interacción con la sociedad y el entorno global. Se aborda la importancia de la universidad en la formación de profesionales y su papel en el desarrollo social y económico del país. Además, se discuten los desafíos que enfrenta, tales como la calidad educativa, la investigación y la innovación, y se plantean propuestas para mejorar su impacto y relevancia. Este texto se convierte en una fuente valiosa para académicos, estudiantes y policymakers interesados en la educación superior en América Latina, ya que proporciona una visión integral sobre el estado y las perspectivas de la educación universitaria en Paraguay y sus implicaciones en la región.
651 _aAsunción
653 _aEducación superior
653 _aUniversidades
942 _b2026/02/17
_cBK
999 _c7257
_d7257